000 00417cam a22001451 4500
082 _a355.42
_bBEA
100 1 _aBeauman, A. B.
_949515
245 1 2 _aA short outline of modern tactics,
_cby Brigadier-General A. B. Beauman.
260 _aLondon,
_bH. Rees ltd.,
_c1939.
300 _a63 p.
_c22 cm.
526 _a0
_b0
_c0
_d355_420000000000000_BEA
650 0 _aMCE
_9379
650 0 _aTactics.
_937945
942 _2ddc
_cBK
999 _c552296
_d552296